| 000 | 00868nam a2200217 i 4500 | ||
|---|---|---|---|
| 001 | 168538 | ||
| 003 | ES-MaACL | ||
| 005 | 20230906213821.0 | ||
| 008 | 080417s1972 sp |||| | spa d | ||
| 080 | _a165.22(063) | ||
| 111 | 2 |
_aSimposio Internacional los Lenguajes Críticos y las Ciencias del Hombre ( _d1966. _cBaltimore) _9137624 |
|
| 245 | 1 | 4 |
_aLos lenguajes críticos y las ciencias del hombre _b: controversia estructuralista : [del 18 al 21 de octubre de 1966] / _ceditada por Richard Macksey y Eugenio Donato ; [traducción de José Manuel Llorca]. |
| 250 | _a1ª ed. | ||
| 260 |
_aBarcelona : _bBarral, _c1972. |
||
| 300 |
_a360 p. ; _c23 cm. |
||
| 650 | 0 | 4 |
_aEstructuralismo. _912567 |
| 700 | 1 |
_aMacksey, Richard A. _9137625 |
|
| 700 | 1 |
_aDonato, Eugenio. _9137626 |
|
| 700 | 0 |
_aLlorca, José Manuel. _972855 |
|
| 852 |
_aES-MaACL _jC-42601 _9R.81134 |
||
| 999 |
_c168538 _d168538 |
||